[Event "DEM U14 2019"]
[Site "Willingen GER"]
[Date "2019.06.09"]
[Round "2"]
[White "Krastev, Alexander"]
[Black "Bui, Bao Anh Le"]
[Result "1-0"]
[Termination "normal"]
[Board "1"]
[WhiteTitle "FM"]
[WhiteElo "2344"]
[BlackElo "2065"]
[WhiteClock "00:13:03"]
[BlackClock "00:01:14"]
[PlyCount "61"]
[WhiteFideId "12989983"]
[BlackFideId "12970719"]
[EventCountry "GER"]
[EventRounds "9"]
[EventType "swiss"]
[EventDate "2019.06.08"]

1. e4 {[%clk 1:30:58]} 1... c5 {[%clk 1:30:29]} 2. Nf3 {[%clk 1:31:24]} 2... d6
{[%clk 1:30:52]} 3. d4 {[%clk 1:31:48]} 3... cxd4 {[%clk 1:31:08]} 4. Nxd4 {
[%clk 1:32:12]} 4... Nf6 {[%clk 1:31:13]} 5. Nc3 {[%clk 1:32:39]} 5... a6 {
[%clk 1:31:29]} 6. Qf3 {[%clk 1:33:04]} 6... Nbd7 {[%clk 1:30:02]} 7. h3 {
[%clk 1:29:32]} 7... e6 {[%clk 1:20:54]} 8. g4 {[%clk 1:27:00]} 8... Ne5 {
[%clk 1:10:06]} 9. Qg2 {[%clk 1:12:09]} 9... Qc7 {[%clk 1:04:33]} 10. f4 {
[%clk 1:09:06]} 10... Nc6 {[%clk 1:00:52]} 11. Be3 {[%clk 1:07:22]} 11... b5 {
[%clk 0:44:57]} 12. e5 {[%clk 0:43:38]} 12... Nxd4 {[%clk 0:39:41]} 13. Bxd4 {
[%clk 0:43:55]} 13... Bb7 {[%clk 0:39:12]} 14. exf6 {[%clk 0:44:06]} 14... Bxg2
{[%clk 0:38:12]} 15. Bxg2 {[%clk 0:44:31]} 15... Rc8 {[%clk 0:38:06]} 16. fxg7
{[%clk 0:44:56]} 16... Bxg7 {[%clk 0:38:13]} 17. Bxg7 {[%clk 0:45:21]} 17...
Rg8 {[%clk 0:38:39]} 18. Bd4 {[%clk 0:44:01]} 18... Qc4 {[%clk 0:27:16]} 19.
Rd1 {[%clk 0:39:14]} 19... d5 {[%clk 0:26:13]} 20. Kf2 {[%clk 0:28:13]} 20...
b4 {[%clk 0:22:57]} 21. b3 {[%clk 0:27:00]} 21... Qc6 {[%clk 0:21:18]} 22. Ne2
{[%clk 0:27:05]} 22... Ke7 {[%clk 0:18:30]} 23. Rd2 {[%clk 0:26:07]} 23... a5 {
[%clk 0:15:50]} 24. Re1 {[%clk 0:25:40]} 24... Rge8 {[%clk 0:04:51]} 25. g5 {
[%clk 0:20:24]} 25... Kd7 {[%clk 0:02:24]} 26. Be5 {[%clk 0:15:37]} 26... Qb6+
27. Nd4 {[%clk 0:15:49]} 27... Rc3 {[%clk 0:02:46]} 28. Bf1 {[%clk 0:15:59]}
28... Rec8 {[%clk 0:02:37]} 29. Bd3 {[%clk 0:15:02]} 29... a4 {[%clk 0:01:56]}
30. Kg2 {[%clk 0:14:50]} 30... a3 {[%clk 0:01:14]} 31. Bxh7 {[%clk 0:13:03]}
1-0

[Event "DEM U14 2019"]
[Site "Willingen GER"]
[Date "2019.06.09"]
[Round "2"]
[White "Pubantz, Jan"]
[Black "Laux, Dominik"]
[Result "1-0"]
[Termination "normal"]
[Board "2"]
[WhiteElo "2192"]
[BlackElo "2061"]
[WhiteClock "00:12:36"]
[BlackClock "00:08:00"]
[PlyCount "63"]
[WhiteFideId "12996114"]
[BlackFideId "12994219"]
[EventCountry "GER"]
[EventRounds "9"]
[EventType "swiss"]
[EventDate "2019.06.08"]

1. d4 {[%clk 1:30:57]} 1... d5 {[%clk 1:30:40]} 2. c4 {[%clk 1:31:23]} 2... c6
{[%clk 1:30:44]} 3. Nf3 {[%clk 1:31:47]} 3... Nf6 {[%clk 1:30:53]} 4. e3 {
[%clk 1:32:07]} 4... e6 {[%clk 1:30:32]} 5. b3 {[%clk 1:32:28]} 5... Bd6 {
[%clk 1:29:28]} 6. Bb2 {[%clk 1:32:36]} 6... O-O {[%clk 1:29:08]} 7. Bd3 {
[%clk 1:32:52]} 7... Nbd7 {[%clk 1:28:39]} 8. O-O {[%clk 1:33:01]} 8... Re8 {
[%clk 1:27:07]} 9. Ne5 {[%clk 1:24:21]} 9... Qc7 {[%clk 1:24:10]} 10. f4 {
[%clk 1:21:22]} 10... Ne4 {[%clk 1:22:12]} 11. Bxe4 {[%clk 0:57:49]} 11... dxe4
{[%clk 1:22:40]} 12. Nc3 {[%clk 0:52:10]} 12... f5 {[%clk 1:21:33]} 13. g4 {
[%clk 0:50:07]} 13... b6 {[%clk 1:14:54]} 14. Kh1 {[%clk 0:41:16]} 14... Ba6 {
[%clk 1:10:28]} 15. Rg1 {[%clk 0:39:52]} 15... Nf6 {[%clk 0:54:37]} 16. g5 {
[%clk 0:35:08]} 16... Nd7 {[%clk 0:52:33]} 17. Qh5 {[%clk 0:29:31]} 17... Bxe5
{[%clk 0:46:21]} 18. fxe5 {[%clk 0:29:39]} 18... b5 {[%clk 0:37:29]} 19. cxb5 {
[%clk 0:22:54]} 19... cxb5 {[%clk 0:36:11]} 20. Rac1 {[%clk 0:23:11]} 20... Qb7
{[%clk 0:34:50]} 21. Ne2 {[%clk 0:16:59]} 21... b4 {[%clk 0:28:52]} 22. Nf4 {
[%clk 0:16:21]} 22... Nb6 {[%clk 0:22:01]} 23. g6 {[%clk 0:16:20]} 23... h6 {
[%clk 0:21:46]} 24. Rc5 {[%clk 0:16:28]} 24... Rac8 {[%clk 0:16:09]} 25. Rgc1 {
[%clk 0:15:46]} 25... Rxc5 {[%clk 0:15:05]} 26. Rxc5 {[%clk 0:16:02]} 26... Nd7
{[%clk 0:14:34]} 27. Rc1 {[%clk 0:15:09]} 27... Bb5 {[%clk 0:13:51]} 28. d5 {
[%clk 0:13:08]} 28... exd5 {[%clk 0:12:14]} 29. Qxf5 {[%clk 0:13:17]} 29... Nb6
{[%clk 0:11:44]} 30. e6 {[%clk 0:12:53]} 30... Rf8 {[%clk 0:09:22]} 31. Qe5 {
[%clk 0:12:45]} 31... Qe7 {[%clk 0:08:00]} 32. Rc7 {[%clk 0:12:36]} 1-0

[Event "DEM U14 2019"]
[Site "Willingen GER"]
[Date "2019.06.09"]
[Round "2"]
[White "Weihrauch, Jakob"]
[Black "Haack, Kevin"]
[Result "1-0"]
[Termination "normal"]
[Board "4"]
[WhiteElo "2158"]
[BlackElo "2033"]
[WhiteClock "00:12:12"]
[BlackClock "00:13:33"]
[PlyCount "71"]
[WhiteFideId "16210115"]
[BlackFideId "16228715"]
[EventCountry "GER"]
[EventRounds "9"]
[EventType "swiss"]
[EventDate "2019.06.08"]

1. e4 {[%clk 1:30:52]} 1... c5 {[%clk 1:31:24]} 2. Nf3 {[%clk 1:31:14]} 2... d6
{[%clk 1:31:50]} 3. d4 {[%clk 1:31:39]} 3... cxd4 {[%clk 1:32:16]} 4. Nxd4 {
[%clk 1:32:03]} 4... Nf6 {[%clk 1:32:43]} 5. Nc3 {[%clk 1:32:25]} 5... e5 {
[%clk 1:33:11]} 6. Bb5+ {[%clk 1:32:04]} 6... Nbd7 {[%clk 1:33:33]} 7. Nf5 {
[%clk 1:30:04]} 7... a6 {[%clk 1:33:51]} 8. Bxd7+ {[%clk 1:30:07]} 8... Qxd7 {
[%clk 1:34:16]} 9. Ne3 {[%clk 1:29:17]} 9... Qc6 {[%clk 1:34:26]} 10. Qd3 {
[%clk 1:29:01]} 10... Be6 {[%clk 1:34:42]} 11. O-O {[%clk 1:28:06]} 11... Be7 {
[%clk 1:34:40]} 12. Ncd5 {[%clk 1:23:21]} 12... Bxd5 {[%clk 1:34:34]} 13. exd5
{[%clk 1:23:37]} 13... Qc7 {[%clk 1:33:51]} 14. Nf5 {[%clk 1:15:01]} 14... O-O
{[%clk 1:30:35]} 15. c4 {[%clk 1:05:00]} 15... Rac8 {[%clk 1:22:12]} 16. b3 {
[%clk 0:58:37]} 16... Rfe8 {[%clk 1:17:48]} 17. Bg5 {[%clk 0:53:34]} 17... Nxd5
{[%clk 0:59:42]} 18. Qxd5 {[%clk 0:49:39]} 18... Bxg5 {[%clk 0:59:51]} 19. Nxd6
{[%clk 0:48:29]} 19... Red8 {[%clk 0:59:24]} 20. Rad1 {[%clk 0:48:37]} 20...
Rd7 {[%clk 0:47:52]} 21. Qxe5 {[%clk 0:46:27]} 21... Bf6 {[%clk 0:39:06]} 22.
Qf5 {[%clk 0:38:27]} 22... Rcd8 {[%clk 0:35:32]} 23. Ne8 {[%clk 0:38:38]} 23...
Qc6 {[%clk 0:31:09]} 24. Nxf6+ {[%clk 0:36:07]} 24... gxf6 {[%clk 0:31:32]} 25.
Rxd7 {[%clk 0:30:13]} 25... Rxd7 {[%clk 0:31:30]} 26. Qg4+ {[%clk 0:29:09]}
26... Kh8 {[%clk 0:30:57]} 27. Re1 {[%clk 0:28:00]} 27... Rd8 {[%clk 0:29:44]}
28. h3 {[%clk 0:23:52]} 28... Qd6 {[%clk 0:21:23]} 29. Qe2 {[%clk 0:21:06]}
29... b6 {[%clk 0:20:46]} 30. a4 {[%clk 0:18:26]} 30... Qd3 {[%clk 0:18:35]}
31. Qe7 {[%clk 0:17:17]} 31... Kg7 {[%clk 0:18:06]} 32. Re3 {[%clk 0:13:54]}
32... Qd1+ {[%clk 0:18:24]} 33. Kh2 {[%clk 0:14:19]} 33... Qd6+ {[%clk 0:18:22]
} 34. Rg3+ {[%clk 0:14:42]} 34... Kh8 {[%clk 0:13:15]} 35. Qxf7 {[%clk 0:14:08]
} 35... Qf8 {[%clk 0:13:33]} 36. Qb7 {[%clk 0:12:12]} 1-0

[Event "DEM U14 2019"]
[Site "Willingen GER"]
[Date "2019.06.09"]
[Round "2"]
[White "Chassard, Cedric"]
[Black "Bethke, Richard"]
[Result "0-1"]
[Termination "normal"]
[Board "9"]
[WhiteElo "1772"]
[BlackElo "2246"]
[WhiteClock "00:39:07"]
[BlackClock "00:13:44"]
[PlyCount "106"]
[WhiteFideId "16243536"]
[BlackFideId "12959243"]
[EventCountry "GER"]
[EventRounds "9"]
[EventType "swiss"]
[EventDate "2019.06.08"]

1. e4 {[%clk 1:30:58]} 1... c5 {[%clk 1:30:55]} 2. Nf3 {[%clk 1:31:26]} 2... d6
{[%clk 1:31:21]} 3. Bb5+ {[%clk 1:31:49]} 3... Bd7 {[%clk 1:31:45]} 4. Bxd7+ {
[%clk 1:32:18]} 4... Qxd7 {[%clk 1:32:07]} 5. c4 {[%clk 1:32:42]} 5... Nc6 {
[%clk 1:31:52]} 6. d4 {[%clk 1:32:37]} 6... cxd4 {[%clk 1:32:14]} 7. Nxd4 {
[%clk 1:33:04]} 7... g6 {[%clk 1:32:04]} 8. Nc3 {[%clk 1:33:14]} 8... Bg7 {
[%clk 1:31:46]} 9. Be3 {[%clk 1:33:43]} 9... Nf6 {[%clk 1:32:08]} 10. f3 {
[%clk 1:34:11]} 10... O-O {[%clk 1:31:49]} 11. O-O {[%clk 1:34:38]} 11... Rfc8
{[%clk 1:31:38]} 12. b3 {[%clk 1:33:25]} 12... a6 {[%clk 1:30:25]} 13. a4 {
[%clk 1:33:33]} 13... Qd8 {[%clk 1:29:19]} 14. Qd2 {[%clk 1:32:48]} 14... Nd7 {
[%clk 1:28:08]} 15. Rab1 {[%clk 1:30:39]} 15... Qa5 {[%clk 1:18:08]} 16. Rfd1 {
[%clk 1:29:35]} 16... Qb4 {[%clk 1:07:56]} 17. Nd5 {[%clk 1:28:59]} 17... Qxd2
{[%clk 1:08:19]} 18. Rxd2 {[%clk 1:29:23]} 18... Kf8 {[%clk 1:07:41]} 19. Kf2 {
[%clk 1:25:14]} 19... Rab8 {[%clk 1:06:31]} 20. Nc3 {[%clk 1:24:18]} 20... Nc5
{[%clk 1:03:47]} 21. Ke2 {[%clk 1:20:39]} 21... Ke8 {[%clk 0:50:22]} 22. Kd1 {
[%clk 1:06:37]} 22... h5 {[%clk 0:48:17]} 23. Ke2 {[%clk 0:59:38]} 23... Ne6 {
[%clk 0:31:11]} 24. Nxe6 {[%clk 0:58:01]} 24... fxe6 {[%clk 0:28:42]} 25. Rc2 {
[%clk 0:56:25]} 25... Kd7 {[%clk 0:24:26]} 26. Kd2 {[%clk 0:55:26]} 26... Bf6 {
[%clk 0:23:07]} 27. Bb6 {[%clk 0:51:20]} 27... Nd4 {[%clk 0:18:07]} 28. Ra2 {
[%clk 0:49:39]} 28... g5 {[%clk 0:17:26]} 29. a5 {[%clk 0:46:53]} 29... g4 {
[%clk 0:17:05]} 30. Na4 {[%clk 0:45:01]} 30... Rg8 {[%clk 0:16:44]} 31. f4 {
[%clk 0:41:36]} 31... Rbf8 {[%clk 0:15:53]} 32. Ke3 {[%clk 0:41:14]} 32... Nc6
{[%clk 0:15:26]} 33. Rd2 {[%clk 0:41:12]} 33... e5 {[%clk 0:14:26]} 34. Nc5+ {
[%clk 0:37:21]} 34... Kc8 {[%clk 0:14:50]} 35. Ne6 {[%clk 0:37:25]} 35... exf4+
{[%clk 0:15:14]} 36. Kd3 {[%clk 0:36:49]} 36... Rf7 {[%clk 0:14:31]} 37. Rf2 {
[%clk 0:36:37]} 37... f3 {[%clk 0:13:43]} 38. gxf3 {[%clk 0:36:22]} 38... Bh4 {
[%clk 0:11:40]} 39. Rff1 {[%clk 0:36:18]} 39... gxf3 {[%clk 0:11:58]} 40. Bf2 {
[%clk 0:36:10]} 40... Bxf2 {[%clk 0:12:14]} 41. Rxf2 41... Ne5+ {[%clk 0:12:05]
} 42. Kd2 {[%clk 0:36:09]} 42... Ng4 {[%clk 0:10:00]} 43. Rg1 {[%clk 0:36:27]}
43... Kd7 {[%clk 0:10:07]} 44. Nd4 {[%clk 0:36:20]} 44... Nxf2 {[%clk 0:10:27]}
45. Rxg8 {[%clk 0:36:49]} 45... Nxe4+ {[%clk 0:10:50]} 46. Ke1 {[%clk 0:36:18]}
46... f2+ {[%clk 0:11:15]} 47. Kf1 {[%clk 0:36:43]} 47... Nd2+ {[%clk 0:11:41]}
48. Ke2 {[%clk 0:37:06]} 48... f1=Q+ {[%clk 0:12:04]} 49. Kxd2 {[%clk 0:37:32]}
49... Rf2+ {[%clk 0:12:16]} 50. Kc3 {[%clk 0:38:01]} 50... Qe1+ {[%clk 0:12:39]
} 51. Kd3 {[%clk 0:38:22]} 51... Qd2+ {[%clk 0:13:03]} 52. Ke4 {[%clk 0:38:46]}
52... Rf4+ {[%clk 0:13:28]} 53. Kd5 {[%clk 0:39:07]} 53... e6# {[%clk 0:13:44]}
0-1

[Event "DEM U14 2019"]
[Site "Willingen GER"]
[Date "2019.06.09"]
[Round "2"]
[White "Divry, Alexandre"]
[Black "Hetzner, Hannes"]
[Result "0-1"]
[Termination "normal"]
[Board "10"]
[WhiteElo "1654"]
[BlackElo "2001"]
[WhiteClock "01:24:10"]
[BlackClock "00:23:27"]
[PlyCount "94"]
[WhiteFideId "16286006"]
[BlackFideId "16211936"]
[EventCountry "GER"]
[EventRounds "9"]
[EventType "swiss"]
[EventDate "2019.06.08"]

1. d4 {[%clk 1:30:57]} 1... Nf6 {[%clk 1:30:53]} 2. c4 {[%clk 1:31:26]} 2... e6
{[%clk 1:31:15]} 3. Nf3 {[%clk 1:31:52]} 3... d5 {[%clk 1:31:36]} 4. Nc3 {
[%clk 1:32:19]} 4... Bb4 {[%clk 1:31:52]} 5. Qa4+ {[%clk 1:32:41]} 5... Nc6 {
[%clk 1:32:15]} 6. e3 {[%clk 1:32:19]} 6... O-O {[%clk 1:24:44]} 7. a3 { [%clk
1:32:35]} 7... Be7 {[%clk 1:23:05]} 8. Bd3 {[%clk 1:32:36]} 8... Re8 { [%clk
1:19:05]} 9. O-O {[%clk 1:32:29]} 9... Bf8 {[%clk 1:17:24]} 10. cxd5 { [%clk
1:30:15]} 10... exd5 {[%clk 1:17:42]} 11. h3 {[%clk 1:29:23]} 11... Ne4 { [%clk
1:10:54]} 12. Qc2 {[%clk 1:27:34]} 12... Bf5 {[%clk 1:06:03]} 13. Nd2 { [%clk
1:26:20]} 13... Nxd2 {[%clk 1:04:35]} 14. Bxd2 {[%clk 1:26:23]} 14... Bxd3
{[%clk 1:04:50]} 15. Qxd3 {[%clk 1:26:52]} 15... Ne7 {[%clk 0:55:07]} 16. Rfc1
{[%clk 1:24:05]} 16... Ng6 {[%clk 0:49:39]} 17. Qb5 {[%clk 1:18:25]} 17... c6
{[%clk 0:40:26]} 18. Qxb7 {[%clk 1:14:36]} 18... Re6 {[%clk 0:39:14]} 19. Rc2
{[%clk 1:09:54]} 19... Nh4 {[%clk 0:32:00]} 20. Ne2 {[%clk 1:06:23]} 20... Qg5
{[%clk 0:21:34]} 21. Ng3 {[%clk 1:05:35]} 21... Rae8 {[%clk 0:20:31]} 22. e4
{[%clk 1:02:51]} 22... Qg6 {[%clk 0:19:00]} 23. Rac1 {[%clk 1:03:00]} 23...
dxe4 {[%clk 0:18:23]} 24. Rxc6 {[%clk 1:02:46]} 24... Bd6 {[%clk 0:16:11]} 25.
R6c3 {[%clk 0:59:56]} 25... f5 {[%clk 0:14:23]} 26. Qd5 {[%clk 0:55:42]} 26...
f4 {[%clk 0:09:04]} 27. Qh5 {[%clk 0:54:12]} 27... e3 {[%clk 0:08:26]} 28. Bxe3
{[%clk 0:48:33]} 28... Qxh5 {[%clk 0:07:37]} 29. Nxh5 {[%clk 0:49:02]} 29...
fxe3 {[%clk 0:07:48]} 30. fxe3 {[%clk 0:49:21]} 30... Rxe3 {[%clk 0:06:21]} 31.
Rxe3 {[%clk 0:49:50]} 31... Rxe3 {[%clk 0:06:30]} 32. Rc8+ {[%clk 0:50:19]}
32... Kf7 {[%clk 0:05:47]} 33. Rd8 {[%clk 0:50:48]} 33... Ke7 {[%clk 0:03:10]}
34. Ra8 {[%clk 0:51:15]} 34... g6 {[%clk 0:02:30]} 35. Rxa7+ {[%clk 0:51:44]}
35... Kf8 {[%clk 0:02:18]} 36. Ra6 {[%clk 0:52:10]} 36... gxh5 {[%clk 0:01:03]}
37. Rxd6 {[%clk 0:52:39]} 37... Re2 {[%clk 0:01:12]} 38. Rf6+ {[%clk 0:53:01]}
38... Ke7 {[%clk 0:01:15]} 39. Rf2 {[%clk 0:53:30]} 39... Re1+ {[%clk 0:01:09]}
40. Rf1 {[%clk 0:53:56]} 40... Re2 {[%clk 0:01:30]} 41. Rf2 {[%clk 0:54:25]}
41... Re1+ {[%clk 0:28:03]} 42. Rf1 {[%clk 1:24:51]} 42... Re4 {[%clk 0:28:02]}
43. Rd1 {[%clk 1:25:18]} 43... Re2 {[%clk 0:24:42]} 44. Rb1 {[%clk 1:25:42]}
44... Rxg2+ {[%clk 0:24:53]} 45. Kh1 {[%clk 1:25:42]} 45... Rg3 {[%clk 0:22:55]
} 46. Kh2 {[%clk 1:25:48]} 46... Rd3 {[%clk 0:23:05]} 47. Rg1 {[%clk 1:24:10]}
47... Nf3+ {[%clk 0:23:27]} 0-1

[Event "DEM U14 2019"]
[Site "Willingen GER"]
[Date "2019.06.09"]
[Round "2"]
[White "Röhr, Oliver"]
[Black "May, Ben-Iven"]
[Result "1-0"]
[Termination "normal"]
[Board "11"]
[WhiteElo "1960"]
[BlackElo "1692"]
[WhiteClock "00:23:18"]
[BlackClock "00:11:23"]
[PlyCount "95"]
[WhiteFideId "12987697"]
[BlackFideId "16229673"]
[EventCountry "GER"]
[EventRounds "9"]
[EventType "swiss"]
[EventDate "2019.06.08"]

1. e4 {[%clk 1:30:59]} 1... c5 {[%clk 1:30:54]} 2. Nf3 {[%clk 1:31:20]} 2... g6
{[%clk 1:30:56]} 3. c4 {[%clk 1:31:30]} 3... Bg7 {[%clk 1:30:55]} 4. d4 { [%clk
1:31:43]} 4... cxd4 {[%clk 1:30:58]} 5. Nxd4 {[%clk 1:32:07]} 5... Nc6 { [%clk
1:29:28]} 6. Be3 {[%clk 1:32:16]} 6... d6 {[%clk 1:27:29]} 7. Be2 { [%clk
1:32:28]} 7... Nf6 {[%clk 1:27:41]} 8. Nc3 {[%clk 1:32:52]} 8... O-O { [%clk
1:27:27]} 9. O-O {[%clk 1:33:02]} 9... Bd7 {[%clk 1:22:28]} 10. Qd2 { [%clk
1:33:08]} 10... Rc8 {[%clk 1:19:56]} 11. b3 {[%clk 1:32:00]} 11... Re8 { [%clk
1:17:10]} 12. Rac1 {[%clk 1:30:39]} 12... Qa5 {[%clk 1:17:04]} 13. Rfd1 { [%clk
1:28:25]} 13... Nxd4 {[%clk 1:05:44]} 14. Bxd4 {[%clk 1:28:40]} 14... Bc6
{[%clk 1:01:18]} 15. f3 {[%clk 1:17:30]} 15... h5 {[%clk 0:54:36]} 16. Kh1 {
[%clk 1:14:28]} 16... Kh7 {[%clk 0:54:07]} 17. Bxf6 {[%clk 1:10:28]} 17... Bxf6
{[%clk 0:54:24]} 18. Nd5 {[%clk 1:10:36]} 18... Qxd2 {[%clk 0:53:27]} 19. Nxf6+
{[%clk 1:10:45]} 19... exf6 {[%clk 0:53:43]} 20. Rxd2 {[%clk 1:11:08]} 20...
Re6 {[%clk 0:50:45]} 21. Rcd1 {[%clk 1:09:41]} 21... Rd8 {[%clk 0:50:10]} 22.
c5 {[%clk 1:07:57]} 22... Kg7 {[%clk 0:44:51]} 23. Bc4 {[%clk 0:59:29]} 23...
Re5 {[%clk 0:42:47]} 24. cxd6 {[%clk 0:51:46]} 24... Rd7 {[%clk 0:38:20]} 25.
a4 {[%clk 0:48:15]} 25... a6 {[%clk 0:31:20]} 26. Rc1 {[%clk 0:44:23]} 26... b5
{[%clk 0:23:44]} 27. Bf1 {[%clk 0:41:05]} 27... Bb7 {[%clk 0:23:20]} 28. axb5 {
[%clk 0:39:09]} 28... axb5 {[%clk 0:23:46]} 29. b4 {[%clk 0:37:43]} 29... Re6 {
[%clk 0:23:27]} 30. Rcd1 {[%clk 0:34:53]} 30... Bc6 31. Kg1 {[%clk 0:34:31]}
31... Kh6 {[%clk 0:20:22]} 32. Kf2 {[%clk 0:32:19]} 32... g5 {[%clk 0:17:13]}
33. Rd4 {[%clk 0:30:33]} 33... Kg6 {[%clk 0:12:35]} 34. g3 {[%clk 0:26:42]}
34... g4 {[%clk 0:09:32]} 35. f4 {[%clk 0:22:59]} 35... Rxe4 {[%clk 0:09:04]}
36. Bd3 {[%clk 0:22:36]} 36... f5 {[%clk 0:09:33]} 37. Bxe4 {[%clk 0:22:49]}
37... Bxe4 {[%clk 0:09:41]} 38. Rc1 {[%clk 0:22:25]} 38... Kf6 {[%clk 0:09:50]}
39. Rc5 {[%clk 0:22:42]} 39... Ke6 {[%clk 0:09:54]} 40. Re5+ {[%clk 0:22:57]}
40... Kf6 {[%clk 0:10:17]} 41. Rxb5 {[%clk 0:23:13]} 41... Kg7 {[%clk 0:09:57]}
42. Rc5 {[%clk 0:23:23]} 42... Kf8 {[%clk 0:10:15]} 43. Rc8+ {[%clk 0:23:40]}
43... Kg7 {[%clk 0:10:43]} 44. Rc7 {[%clk 0:24:00]} 44... Rd8 {[%clk 0:11:07]}
45. b5 {[%clk 0:23:37]} 45... Ra8 {[%clk 0:10:45]} 46. d7 {[%clk 0:23:21]}
46... Ra2+ {[%clk 0:11:05]} 47. Ke1 {[%clk 0:23:06]} 47... Ra1+ {[%clk 0:11:23]
} 48. Rd1 {[%clk 0:23:18]} 1-0

[Event "DEM U14 2019"]
[Site "Willingen GER"]
[Date "2019.06.09"]
[Round "2"]
[White "Kosev, Momchil"]
[Black "Gutewort, Paul Emil"]
[Result "1/2-1/2"]
[Termination "normal"]
[Board "13"]
[WhiteElo "1827"]
[BlackElo "1708"]
[WhiteClock "00:37:26"]
[BlackClock "01:04:33"]
[PlyCount "50"]
[WhiteFideId "12975982"]
[BlackFideId "16204182"]
[EventCountry "GER"]
[EventRounds "9"]
[EventType "swiss"]
[EventDate "2019.06.08"]

1. d4 {[%clk 1:30:43]} 1... d5 {[%clk 1:30:56]} 2. Bf4 {[%clk 1:31:08]} 2...
Nf6 {[%clk 1:31:18]} 3. e3 {[%clk 1:31:30]} 3... Bf5 {[%clk 1:31:44]} 4. Nf3 {
[%clk 1:30:21]} 4... e6 {[%clk 1:32:09]} 5. Ne5 {[%clk 1:28:44]} 5... Bd6 {
[%clk 1:31:01]} 6. Be2 {[%clk 1:22:45]} 6... O-O {[%clk 1:30:55]} 7. g4 { [%clk
1:22:17]} 7... Bg6 {[%clk 1:30:13]} 8. h4 {[%clk 1:22:39]} 8... h6 { [%clk
1:28:11]} 9. g5 {[%clk 1:21:58]} 9... hxg5 {[%clk 1:27:15]} 10. hxg5 { [%clk
1:19:56]} 10... Bxe5 {[%clk 1:26:21]} 11. dxe5 {[%clk 1:17:51]} 11... Nfd7
{[%clk 1:26:10]} 12. Bg4 {[%clk 1:16:02]} 12... Re8 {[%clk 1:25:05]} 13. Nd2
{[%clk 1:14:37]} 13... Nc6 {[%clk 1:24:35]} 14. Nf3 {[%clk 1:13:53]} 14... a6
{[%clk 1:23:54]} 15. Qe2 {[%clk 1:13:43]} 15... Nb4 {[%clk 1:22:28]} 16. Nd4
{[%clk 1:13:56]} 16... c5 {[%clk 1:22:14]} 17. a3 {[%clk 1:14:21]} 17... Qa5 {
[%clk 1:17:42]} 18. Qd2 {[%clk 0:55:38]} 18... cxd4 {[%clk 1:16:18]} 19. Qxb4 {
[%clk 0:56:02]} 19... Qxb4+ {[%clk 1:16:35]} 20. axb4 {[%clk 0:56:29]} 20...
dxe3 {[%clk 1:16:59]} 21. c3 {[%clk 0:55:27]} 21... exf2+ {[%clk 1:16:45]} 22.
Kxf2 {[%clk 0:55:54]} 22... f6 {[%clk 1:11:46]} 23. gxf6 {[%clk 0:51:12]} 23...
gxf6 {[%clk 1:12:09]} 24. Rh6 {[%clk 0:41:19]} 24... Kf7 {[%clk 1:04:33]} 25.
Re1 {[%clk 0:37:26]} 25... fxe5 1/2-1/2

[Event "DEM U14 2019"]
[Site "Willingen GER"]
[Date "2019.06.09"]
[Round "2"]
[White "Tham, Nam"]
[Black "Sinnhöfer, Joshua"]
[Result "1/2-1/2"]
[Termination "normal"]
[Board "14"]
[WhiteElo "1993"]
[BlackElo "1466"]
[WhiteClock "00:22:29"]
[BlackClock "00:06:22"]
[PlyCount "80"]
[WhiteFideId "12997331"]
[BlackFideId "16201361"]
[EventCountry "GER"]
[EventRounds "9"]
[EventType "swiss"]
[EventDate "2019.06.08"]

1. e4 {[%clk 1:30:59]} 1... e5 {[%clk 1:30:51]} 2. Nf3 {[%clk 1:31:25]} 2...
Nc6 {[%clk 1:31:18]} 3. Bc4 {[%clk 1:31:49]} 3... Bc5 {[%clk 1:31:43]} 4. c3 {
[%clk 1:32:15]} 4... Nf6 {[%clk 1:32:08]} 5. d3 {[%clk 1:32:42]} 5... a6 {
[%clk 1:32:30]} 6. Bb3 {[%clk 1:33:06]} 6... d6 {[%clk 1:32:55]} 7. h3 { [%clk
1:33:33]} 7... Ba7 {[%clk 1:33:10]} 8. Nbd2 {[%clk 1:33:58]} 8... O-O { [%clk
1:33:27]} 9. Nf1 {[%clk 1:34:19]} 9... d5 {[%clk 1:33:47]} 10. Qe2 { [%clk
1:34:45]} 10... Be6 {[%clk 1:34:12]} 11. Ng3 {[%clk 1:35:11]} 11... Qd7 { [%clk
1:34:19]} 12. O-O {[%clk 1:35:34]} 12... dxe4 {[%clk 1:27:38]} 13. dxe4 { [%clk
1:35:15]} 13... Bxb3 {[%clk 1:27:22]} 14. axb3 {[%clk 1:35:40]} 14... Qe6
{[%clk 1:26:48]} 15. b4 {[%clk 1:36:00]} 15... Ne8 {[%clk 1:20:56]} 16. Nf5 {
[%clk 1:29:24]} 16... Nd6 {[%clk 1:20:30]} 17. N3h4 {[%clk 1:28:35]} 17... Ne7
{[%clk 1:15:15]} 18. Qg4 {[%clk 1:27:23]} 18... Ng6 {[%clk 1:15:30]} 19. Kh1 {
[%clk 1:27:22]} 19... Kh8 {[%clk 1:12:11]} 20. Nf3 {[%clk 1:26:22]} 20... Qc4 {
[%clk 1:11:30]} 21. Nd2 {[%clk 1:22:17]} 21... Qd3 {[%clk 1:05:49]} 22. Kg1 {
[%clk 1:15:59]} 22... Nxf5 {[%clk 1:01:26]} 23. exf5 {[%clk 1:14:08]} 23... Nf4
{[%clk 1:01:38]} 24. Re1 {[%clk 1:14:30]} 24... f6 {[%clk 0:51:23]} 25. Nf1 {
[%clk 1:11:20]} 25... Qc2 {[%clk 0:43:38]} 26. Ne3 {[%clk 1:08:21]} 26... Qb3 {
[%clk 0:36:50]} 27. Ra3 {[%clk 1:00:01]} 27... Qf7 {[%clk 0:36:16]} 28. c4 {
[%clk 0:58:37]} 28... Rad8 {[%clk 0:33:59]} 29. Rd1 {[%clk 0:56:10]} 29...
Rxd1+ {[%clk 0:30:16]} 30. Qxd1 {[%clk 0:56:11]} 30... Qe7 {[%clk 0:27:53]} 31.
c5 {[%clk 0:44:35]} 31... Rd8 {[%clk 0:26:35]} 32. Qc2 {[%clk 0:44:10]} 32...
Rd4 {[%clk 0:13:44]} 33. Kh2 {[%clk 0:41:08]} 33... Qd7 {[%clk 0:11:41]} 34. c6
{[%clk 0:31:01]} 34... Qc8 {[%clk 0:10:26]} 35. g3 {[%clk 0:24:08]} 35... Nd5 {
[%clk 0:10:24]} 36. Nxd5 {[%clk 0:24:32]} 36... Rxd5 {[%clk 0:10:45]} 37. Qe4 {
[%clk 0:24:20]} 37... bxc6 {[%clk 0:10:49]} 38. Be3 {[%clk 0:23:23]} 38... Bxe3
{[%clk 0:10:43]} 39. Qxe3 {[%clk 0:22:50]} 39... h6 {[%clk 0:08:58]} 40. Qf3 {
[%clk 0:22:29]} 40... Rd2 {[%clk 0:06:22]} 1/2-1/2